Statistics for Taylor Swift - Should've Said No (Lyrics)

Click here to take the quiz!

General Stats

  • This quiz has been taken 4 times
  • The average score is 289 of 339

Answer Stats

Answer% Correct
a
100%
all
100%
asking
100%
at
100%
baby
100%
Baby,
100%
back,
100%
back
100%
be
100%
been
100%
before
100%
begging
100%
feet
100%
for
100%
'fore
100%
forgiveness
100%
go,
100%
go
100%
gone
100%
home
100%
I
100%
in
100%
it?
100%
It
100%
it
100%
let
100%
might
100%
my
100%
myself
100%
no
100%
No,
100%
no,
100%
said
100%
say
100%
shouldn't
100%
should've
100%
still
100%
take
100%
that
100%
the
100%
The
100%
there,
100%
thought
100%
to
100%
twice
100%
Was
100%
was
100%
we
100%
We
100%
why
100%
You
100%
you
100%
and
75%
And
75%
can
75%
chance
75%
could
75%
did
75%
do
75%
ever
75%
feels
75%
have
75%
is
75%
It's
75%
know
75%
me
75%
mind
75%
of
75%
one
75%
right
75%
things
75%
what
75%
wrong
75%
yes
75%
you'd
75%
your
75%
about
50%
'Bout
50%
But
50%
can't
50%
crying
50%
everything
50%
get
50%
given
50%
honestly
50%
just
50%
known
50%
looking
50%
moment
50%
need
50%
now
50%
oh
50%
Oh-oh-oh
50%
out
50%
same
50%
she
50%
songs
50%
strange
50%
think
50%
used
50%
weakness
50%
with
50%
word
50%
worth
50%
believe
25%
Even
25%
expect
25%
flowers,
25%
found
25%
past,
25%
past
25%
sing
25%
smiles,
25%
tell
25%
this
25%
this?
25%
Yesterday
25%
her'd
0%
I've
0%
resist,
0%
see
0%

Score Distribution

Percentile by Number Answered

Percent of People with Each Score

Your Score History

You have not taken this quiz